Media and parliament: (Record no. 13907)

MARC details
000 -LEADER
fixed length control field 00919nam a22002417a 4500
005 - DATE AND TIME OF LATEST TRANSACTION
control field 20080623170952.0
008 - FIXED-LENGTH DATA ELEMENTS--GENERAL INFORMATION
fixed length control field 080618t xxu||||| |||| 00| 0 eng d
010 ## - LIBRARY OF CONGRESS CONTROL NUMBER
LC control number ENG-90407
020 ## - INTERNATIONAL STANDARD BOOK NUMBER
Terms of availability 450.00
International Standard Book Number 8189901417
035 ## - SYSTEM CONTROL NUMBER
System control number EN-73940
037 ## - SOURCE OF ACQUISITION
Source of stock number/acquisition DBAD / PUB
040 ## - CATALOGING SOURCE
Original cataloging agency DPL
Language of cataloging EN
082 ## - DEWEY DECIMAL CLASSIFICATION NUMBER
Classification number 302.230954
100 ## - MAIN ENTRY--PERSONAL NAME
Personal name Bhatewara, Suresh M.
245 ## - TITLE STATEMENT
Title Media and parliament:
Remainder of title a view from the Press Gallery /
Statement of responsibility, etc by Suresh M. Bhatewara
260 ## - PUBLICATION, DISTRIBUTION, ETC. (IMPRINT)
Place of publication, distribution, etc Delhi
Name of publisher, distributor, etc Academic Excellence
Date of publication, distribution, etc 2008
260 ## - PUBLICATION, DISTRIBUTION, ETC. (IMPRINT)
Place of publication, distribution, etc
Name of publisher, distributor, etc
270 ## - ADDRESS
Address 42, Ekta Apartments, Geeta Colony,
City Delhi
Postal code 110031
300 ## - PHYSICAL DESCRIPTION
Extent xvi, 160p.
Dimensions 23 cm (Hb)
500 ## - GENERAL NOTE
General note Includex bibliographical references and apendix
942 ## - ADDED ENTRY ELEMENTS (KOHA)
Koha item type English Books
Classification part 302.230954
Source of classification or shelving scheme Dewey Decimal Classification
Call number suffix BHA
Holdings
Withdrawn status Lost status Damaged status Not for loan Collection code Home library Current library Date acquired Source of acquisition Cost, normal purchase price Total Checkouts Full call number Barcode Date last seen Copy number Cost, replacement price Price effective from Koha item type
      Not For Loan Non-fiction D.B.Act.Division D.B.Act.Division 23/06/2008 DBAD / PUB 450.00   302.230954 BHA EN-73940 15/09/2008 1 450.00 15/09/2008 English Books

© Delhi Public Library
Hit Counter
free hit counter